'P' Game Quiz Stats

 Plays Quiz Updated Mar 5, 2018

Score 0/41 Timer 10:00
8 Plays Today
% Correct
Peru
76.7%
Princeton
75.6%
Panama
68.9%
Portugal
66.1%
Paraguay
65.8%
Pakistan
65.1%
Poland
64.8%
Pearl
62.8%
James K. Polk
57.4%
Peter (1 and 2)
56.7%
Palestine
55.2%
University of Pennsylvania
53.2%
Philippines
52.2%
New England Patriots
49.3%
Carolina Panthers
48.8%
Green Bay Packers
48.1%
Papua New Guinea
46.2%
Potassium
42.8%
Phosphorus
42.4%
Indiana Pacers
42.1%
Palau
41.3%
% Correct
Franklin Pierce
40.8%
Plutonium
40.6%
Psalms
40.3%
Pierre
40.3%
Phoenix
39.9%
New Orleans Pelicans
36.8%
Detroit Pistons
34.9%
Providence
34.3%
Platinum
32.9%
Peridot
29.7%
Proverbs
29.5%
Philippians
27.7%
Palladium
27%
Polonium
24.9%
Philemon
18.4%
Platoon
17.6%
Patton
16.7%
Promethium
13.1%
Protactinium
13%
Praseodymium
12.6%

You're not logged in!

Compare scores with friends on all Sporcle quizzes.
OR
Log In

Sporcle TV

Today on Sporcle TV


Watch our educational content, quiz creation guides, and fun videos on Sporcle TV.

Show Comments

Extras

Top Quizzes Today


Score Distribution

Your Account Isn't Verified!

In order to create a playlist on Sporcle, you need to verify the email address you used during registration. Go to your Sporcle Settings to finish the process.

Report this User

Report this user for behavior that violates our Community Guidelines.

Details: